The Arthashastra / (Record no. 25828)
[ view plain ]
| 000 -LEADER | |
|---|---|
| fixed length control field | 01209cam a22003375a 4500 |
| 001 - CONTROL NUMBER | |
| control field | 3048842 |
| 005 - DATE AND TIME OF LATEST TRANSACTION | |
| control field | 20171228120001.0 |
| 008 - FIXED-LENGTH DATA ELEMENTS--GENERAL INFORMATION | |
| fixed length control field | 950720s1992 ii a frb 001 0 eng d |
| 020 ## - INTERNATIONAL STANDARD BOOK NUMBER | |
| International Standard Book Number | 0140446036 |
| 020 ## - INTERNATIONAL STANDARD BOOK NUMBER | |
| International Standard Book Number | 9780140446036 |
| 040 ## - CATALOGING SOURCE | |
| Original cataloging agency | DLC |
| Transcribing agency | DLC |
| Modifying agency | DLC |
| -- | EG-ScBUE |
| Language of cataloging | eng |
| 041 1# - LANGUAGE CODE | |
| Language code of text/sound track or separate title | eng |
| Language code of original and/or intermediate translations of text | san |
| 043 ## - GEOGRAPHIC AREA CODE | |
| Geographic area code | a-ii--- |
| 082 04 - DEWEY DECIMAL CLASSIFICATION NUMBER | |
| Edition number | 22 |
| Classification number | 320.954 |
| Item number | KAU |
| 100 0# - MAIN ENTRY--PERSONAL NAME | |
| Personal name | Kauṭalya. |
| 240 10 - UNIFORM TITLE | |
| Uniform title | <a href="Arthasastra.">Arthasastra.</a> |
| Language of a work | English |
| 245 14 - TITLE STATEMENT | |
| Title | The Arthashastra / |
| Statement of responsibility, etc | Kautilya ; edited, rearranged, translated, and introduced by L.N. Rangarajan. |
| 260 ## - PUBLICATION, DISTRIBUTION, ETC. (IMPRINT) | |
| Place of publication, distribution, etc | New Delhi ; |
| -- | New York : |
| Name of publisher, distributor, etc | Penguin Books India, |
| Date of publication, distribution, etc | 1992. |
| 300 ## - PHYSICAL DESCRIPTION | |
| Extent | xii, 868 p. : |
| Other physical details | ill. ; |
| Dimensions | 21 cm. |
| 490 0# - Series Statement | |
| Series statement | Penguin classics (New Delhi, India) |
| 504 ## - BIBLIOGRAPHY, ETC. NOTE | |
| Bibliography, etc | Includes bibliographical references and indexes. |
| 546 ## - LANGUAGE NOTE | |
| Language note | Text in English ; Translated from Sanskrit. |
| 650 #7 - SUBJECT ADDED ENTRY--TOPICAL TERM | |
| Topical term or geographic name as entry element | Political science |
| Geographic subdivision | India |
| General subdivision | History |
| -- | Early works to 1800. |
| Source of heading or term | BUEsh |
| 650 #7 - SUBJECT ADDED ENTRY--TOPICAL TERM | |
| Topical term or geographic name as entry element | State, The |
| General subdivision | Early works to 1800. |
| Source of heading or term | BUEsh |
| 651 #7 - SUBJECT ADDED ENTRY--GEOGRAPHIC NAME | |
| Geographic name | India |
| General subdivision | Politics and government |
| Chronological subdivision | To 997. |
| Source of heading or term | BUEsh |
| 651 #7 - SUBJECT ADDED ENTRY--GEOGRAPHIC NAME | |
| Geographic name | India |
| General subdivision | Social conditions. |
| Source of heading or term | BUEsh |
| 9 (RLIN) | 22615 |
| 653 ## - INDEX TERM--UNCONTROLLED | |
| Resource For college | Generalities |
| Arrived date list | December2017 |
| 700 1# - ADDED ENTRY--PERSONAL NAME | |
| Personal name | Rangarajan, L. N. |
| 830 #0 - SERIES ADDED ENTRY--UNIFORM TITLE | |
| Uniform title | Penguin classics (New Delhi, India) |
| 942 ## - ADDED ENTRY ELEMENTS (KOHA) | |
| Source of classification or shelving scheme | Dewey Decimal Classification |
| Withdrawn status | Item status | Source of classification or shelving scheme | Damaged status | Not for loan | Vendor | Home library | Current library | Shelving location | Date acquired | Source of acquisition | Cost, normal purchase price | Total Checkouts | Full call number | Barcode | Date last seen | Koha item type |
|---|---|---|---|---|---|---|---|---|---|---|---|---|---|---|---|---|
| Dewey Decimal Classification | Baccah | Central Library | Central Library | First floor | 28/12/2017 | Purchase | 760.00 | 320.954 KAU | 000047053 | 15/07/2025 | Book - Borrowing |